The shifting sands of London's office investment market (Record no. 84128)
[ view plain ]
| 000 -LEADER | |
|---|---|
| fixed length control field | 00927cab a22001935a 4500 |
| 001 - CONTROL NUMBER | |
| control field | L156731 |
| 008 - FIXED-LENGTH DATA ELEMENTS--GENERAL INFORMATION | |
| fixed length control field | 120704s2012 xxk 000 0 eng d |
| 035 ## - SYSTEM CONTROL NUMBER | |
| System control number | (Sirsi) u156731 |
| 041 0# - LANGUAGE CODE | |
| Language code of text/sound track or separate title | eng |
| 100 1# - MAIN ENTRY--PERSONAL NAME | |
| Personal name | Ives, Paul |
| 245 04 - TITLE STATEMENT | |
| Title | The shifting sands of London's office investment market |
| 260 ## - PUBLICATION, DISTRIBUTION, ETC. | |
| Date of publication, distribution, etc. | 2012 |
| 490 #0 - SERIES STATEMENT | |
| Series statement | Sustainablebuilding inc Propertyforecast |
| Volume/sequential designation | (66) June 2012, 14-15(2) |
| 520 ## - SUMMARY, ETC. | |
| Summary, etc. | Recent figures show that up to 80% of office investment deals in central London originated from foreign buyers. Examines the scale of the swing to foreign ownership, its impact on the liquidity of the London Investment market, and how it will affect future London office development. Graphics cover percentage breakdown of owner type, London building ownership by type, and recent large office purchases by country of origin. |
| 590 ## - LOCAL NOTE (RLIN) | |
| Local note | KA |
| 651 #4 - SUBJECT ADDED ENTRY--GEOGRAPHIC NAME | |
| Geographic name | London |
| 690 ## - LOCAL SUBJECT ADDED ENTRY--TOPICAL TERM (OCLC, RLIN) | |
| Topical term or geographic name as entry element | Commercial property |
| 9 (RLIN) | 6227 |
| 942 ## - ADDED ENTRY ELEMENTS (KOHA) | |
| Suppress in OPAC | 0 |
| Withdrawn status | Lost status | Source of classification or shelving scheme | Damaged status | Not for loan | Home library | Current library | Shelving location | Date acquired | Total Checkouts | Full call number | Barcode | Date last seen | Copy number | Price effective from | Koha item type |
|---|---|---|---|---|---|---|---|---|---|---|---|---|---|---|---|
| Dewey Decimal Classification | London | London | Journal article | 04/07/2012 | L156731 | 156731-1001 | 06/08/2019 | 1 | 06/08/2019 | Journal article |